UBT Library

Designing XML databases / (Record no. 1258)

000 -LEADER
fixed length control field 00552nam a22001817a 4500
008 - FIXED-LENGTH DATA ELEMENTS--GENERAL INFORMATION
fixed length control field 151012b xxu||||| |||| 00| 0 eng d
020 ## - INTERNATIONAL STANDARD BOOK NUMBER
International Standard Book Number 0130889016
041 0# - LANGUAGE CODE
Language code of text/sound track or separate title eng
080 ## - UNIVERSAL DECIMAL CLASSIFICATION NUMBER
Universal Decimal Classification number 004.43
100 1# - Rafti
Rafti Graves, Mark.
245 10 - TITLE STATEMENT
Title Designing XML databases /
Statement of responsibility, etc Mark Graves.
260 ## -
-- Upper Saddle River, NJ :
-- Prentice Hall PTR,
-- 2002.
300 ## -
-- xx, 655 f. :
-- me il.;
-- 24 cm. +
-- 1 computer optical disc (4 3/4 in.)
650 #0 -
-- XML (Document markup language)
650 #0 -
-- Menaxhimi
650 #0 -
-- Baza e të të dhënave
942 ## - ADDED ENTRY ELEMENTS (KOHA)
Source of classification or shelving scheme
Item type Books
Holdings
Withdrawn status Lost status Source of classification or shelving scheme Damaged status Not for loan Collection code Permanent location Current location Shelving location Date acquired Total Checkouts Full call number Barcode Date last seen Koha item type
          Koleksioni i përgjithshem UBT - Lipjan UBT - Lipjan Koleksioni i përgjithshem 10/12/2015   004.43 GRA 002-008297 10/12/2015 Books
UBT Library © 2015-2024. All rights reserved University Education for Business and Technology